| 000 | 00488cam a2200193ua 4500 | ||
|---|---|---|---|
| 020 | _c3.00 | ||
| 041 |
_ahin _h |
||
| 082 |
_a891.43 _bGOP/SU |
||
| 100 | _aGopaldas, Neeraj . | ||
| 245 |
_aSumithranandan Pant:Kala ,kavya aur darshan / _cGopaldas Neeraj. _hTextual Documents |
||
| 250 |
_a1 / _b. |
||
| 260 |
_aDelhi : _bAtmaram and sons , _c1963. |
||
| 300 | _a196 ; . | ||
| 365 | _a3.00 | ||
| 504 | _a | ||
| 700 | 1 | _aSudha, Saxena . | |
| 942 | _cBK | ||
| 999 |
_c12730 _d12730 |
||